Six Closest Countries - Madagascar - Statistics

General Stats
  • This quiz has been taken 65 times
  • The average score is 3 of 6
Answer Stats
km country miles % Correct
416 Mozambique 258
75%
802 Mauritius 498
60%
1170 South Africa 727
57%
389 Comoros 242
55%
770 Tanzania 479
43%
546 Malawi 878
23%
No matching quizzes found
Score Distribution
Percent of People with Each Score
Percentile by Number Answered
Your Score History
You have not taken this quiz